000 01107cam a2200289 a 4500
999 _c234531
_d234531
001 15132388
003 Nust
005 20170322111500.0
008 080109s2008 nyu 000 1 eng
010 _a 2008000860
020 _a9780749940881
040 _aDLC
_cDLC
_dDLC
050 0 0 _aPS3568.O243
_bT75 2008
082 0 0 _a813.54
_bROB
100 1 _aRoberts, Nora.
245 1 0 _aTribute /
_cNora Roberts.
260 _aNew York :
_bG.P. Putnam's Sons,
_c2008.
300 _a441 p. ;
_c23 cm.
650 0 _aChild actors
_vFiction.
650 0 _aGranddaughters
_vFiction.
650 0 _aMotion picture actors and actresses
_vFiction.
650 0 _aGrandmothers
_vFiction.
650 0 _aCity and town life
_vFiction.
655 7 _aLove stories.
_2gsafd
906 _a7
_bcbc
_corignew
_d1
_eecip
_f20
_gy-gencatlg
942 _2ddc
_cBK